000 00391 a2200133 4500
001 91621
082 _aPR 1588
090 _c43775
_d43774
100 _aMuhammad Adil Khan; Prof Nadeem Lehraseb and Sikander Hayat, Advisors
245 _aActivity Detection Using Image Processing Techniques
_n53 "B" EC
260 _aRawalpindi
_bNUST
_c2001
300 _a45p
500 _aBE Project Reports
942 _aCAE NUST
_kPR 1588
999 _c326694
_d326694